| 000 | 00389nam a2200169 i 4500 | ||
|---|---|---|---|
| 001 | bg | ||
| 100 | 1 | _aKUDEROWICZ, Zbigniew | |
| 245 | 0 |
_aNietzsche / _cZ. Kuderowicz. |
|
| 250 | _aWyd.3 rozsz. | ||
| 260 |
_aWarszawa, _c1990. |
||
| 490 | 1 | _aMyśli i Ludzie | |
| 830 | _aMyśli i Ludzie | ||
| 040 | _cBPK | ||
| 041 | _apol | ||
| 942 | _cKS | ||
| 008 | s pl f |000 0 pol | ||
| 999 |
_c29238 _d29238 |
||
| 856 |
_uhttp://koha.tu.koszalin.pl/cgi-bin/koha/opac-detail.pl?biblionumber=29238 _yKatalog online BPK |
||